[Event "CZE-chT 0809"]
[Site "Czech Republic"]
[Date "2009.02.08"]
[Round "7.8"]
[White "Sluka, Radek"]
[Black "Hacha, Ales"]
[Result "1/2-1/2"]
[WhiteElo "2326"]
[BlackElo "2175"]
[PlyCount "106"]
[EventDate "2008.11.08"]
[EventType "team-tourn"]
[EventRounds "11"]
[EventCountry "CZE"]
[SourceTitle "EXT 2010"]
[Source "ChessBase"]
[SourceDate "2010.11.25"]
[SourceVersion "1"]
[SourceVersionDate "2010.11.25"]
[SourceQuality "1"]
[WhiteTeam "Grygov"]
[BlackTeam "Turnov Zikuda"]
[WhiteTeamCountry "CZE"]
[BlackTeamCountry "CZE"]

1. e4 Nf6 2. Nc3 d5 3. exd5 Nxd5 4. Bc4 c6 5. Qf3 e6 6. Nge2 Qf6 7. Qg3 Qg6 8. Qxg6 hxg6 9. d4 Be7 10. Bd2 Nd7 11. Ne4 b5 12. Bb3 a5 13. c3 c5 14. dxc5 Nxc5 15. Nxc5 Bxc5 16. 0-0 Nb6 17. Nf4 Nc4 18. Bc1 a4 19. Bc2 Bb7 20. Re1 0-0 21. Nd3 Be7 22. b3 axb3 23. Bxb3 Bf6 24. Bxc4 Bxc3 25. Rb1 bxc4 26. Rxb7 cxd3 27. Rd1 Rfd8 28. Bb2 Ba5 29. f3 Rd5 30. Rb3 d2 31. a3 Rc8 32. Kf2 e5 33. Ke2 f5 34. Re3 Rcc5 35. a4 Kf7 36. g3 Ke6 37. f4 e4 38. Bxg7 Rc1 39. Rb3 Rdc5 40. Bb2 Rxd1 41. Kxd1 Kd5 42. Ba3 Kc4 43. Bxc5 Kxb3 44. Be3 Kxa4 45. Bxd2 Bxd2 46. Kxd2 Kb4 47. Ke3 Kc4 48. g4 Kd5 49. g5 Ke6 50. Kd4 Kd6 51. h3 Ke6 52. h4 Kd6 53. Kc4 Ke6 1/2-1/2

[Event "CZE-chT2C 0809"]
[Site "Czech Republic"]
[Date "2008.12.07"]
[Round "4.6"]
[White "Hacha, Ales"]
[Black "Cmiko, Jakub"]
[Result "1-0"]
[WhiteElo "2175"]
[BlackElo "2099"]
[PlyCount "101"]
[EventDate "2008.10.12"]
[EventType "team-tourn"]
[EventRounds "11"]
[EventCountry "CZE"]
[SourceTitle "EXT 2010"]
[Source "ChessBase"]
[SourceDate "2010.11.25"]
[SourceVersion "1"]
[SourceVersionDate "2010.11.25"]
[SourceQuality "1"]
[WhiteTeam "Turnov Zikuda II"]
[BlackTeam "Praha Oaza"]
[WhiteTeamCountry "CZE"]
[BlackTeamCountry "CZE"]

1. Nf3 d6 2. g3 Nf6 3. Bg2 g6 4. 0-0 Bg7 5. d3 0-0 6. Nbd2 e5 7. c3 Nc6 8. e4 h6 9. Nc4 Be6 10. Ne3 d5 11. Qc2 Qd7 12. Bd2 Rad8 13. Rfd1 dxe4 14. dxe4 Qd3 15. Ne1 Qxc2 16. N1xc2 Rd7 17. b3 Rfd8 18. Be1 Bf8 19. Rxd7 Rxd7 20. Rd1 Rxd1 21. Nxd1 a5 22. f3 a4 23. c4 Nd4 24. Nxd4 exd4 25. Nb2 axb3 26. axb3 Nd7 27. Nd3 Nc5 28. Nxc5 Bxc5 29. Bf1 Be7 30. Bd2 Kg7 31. Kf2 c5 32. Ke2 Bd7 33. Ba5 Bd6 34. Bb6 f6 35. Kd3 Kf7 36. Be2 Ke6 37. f4 Bc6 38. b4 cxb4 39. c5 Be7 40. Kxd4 f5 41. Bc4+ Kd7 42. e5 Be4 43. Bb5+ Bc6 44. Bc4 Be4 45. Bb3 Bg2 46. Ba5 Bc6 47. Bxb4 Bd8 48. Bf7 g5 49. e6+ Ke7 50. Ke5 Be4 51. c6# 1-0

[Event "CZE-chT2C 0809"]
[Site "Czech Republic"]
[Date "2008.10.12"]
[Round "1.8"]
[White "Urban, Zdenek"]
[Black "Hacha, Ales"]
[Result "1/2-1/2"]
[WhiteElo "2129"]
[BlackElo "2175"]
[PlyCount "79"]
[EventDate "2008.10.12"]
[EventType "team-tourn"]
[EventRounds "11"]
[EventCountry "CZE"]
[SourceTitle "EXT 2010"]
[Source "ChessBase"]
[SourceDate "2010.11.25"]
[SourceVersion "1"]
[SourceVersionDate "2010.11.25"]
[SourceQuality "1"]
[WhiteTeam "Jicin"]
[BlackTeam "Turnov Zikuda II"]
[WhiteTeamCountry "CZE"]
[BlackTeamCountry "CZE"]

1. d4 Nf6 2. c4 e6 3. Nf3 c5 4. d5 d6 5. Nc3 exd5 6. cxd5 g6 7. e4 Bg7 8. Bd3 0-0 9. h3 a6 10. a4 Re8 11. 0-0 Nbd7 12. Re1 Qc7 13. Qb3 Ne5 14. Nxe5 Rxe5 15. Bf4 Re8 16. a5 Nh5 17. Be3 Be5 18. Na4 Nf4 19. Nb6 Rb8 20. Bf1 f5 21. Qa4 Rf8 22. Bxf4 Bxf4 23. exf5 Rxf5 24. Re8+ Kg7 25. Rae1 Rf7 26. g3 Be5 27. R1xe5 dxe5 28. d6 Qxd6 29. Rxc8 Rxc8 30. Nxc8 Qd2 31. Bg2 Qxf2+ 32. Kh2 Qd4 33. Qb3 h5 34. h4 e4 35. Qe6 e3 36. Nd6 Rf2 37. Qe7+ Kg8 38. Qe8+ Kg7 39. Qe7+ Kg8 40. Qe8+ 1/2-1/2

[Event "CZE-chT2 0102"]
[Site "Czech Republic"]
[Date "2002.03.19"]
[Round "11.5"]
[White "Pospisil, Evzen"]
[Black "Hacha, Ales"]
[Result "1/2-1/2"]
[WhiteElo "2116"]
[BlackElo "2227"]
[PlyCount "23"]
[EventDate "2001.10.??"]
[EventType "team"]
[EventRounds "11"]
[EventCountry "CZE"]
[SourceTitle "EXT 2006"]
[Source "ChessBase"]
[SourceDate "2005.11.24"]
[SourceVersion "1"]
[SourceVersionDate "2005.11.24"]
[SourceQuality "1"]

1. d4 Nf6 2. c4 e6 3. Nc3 c5 4. d5 exd5 5. cxd5 d6 6. e4 g6 7. f4 Bg7 8. Bb5+ Nfd7 9. Bd3 0-0 10. Nf3 a6 11. a4 Re8 12. 0-0 1/2-1/2

[Event "CZE-chT2 0102"]
[Site "Czech Republic"]
[Date "2001.10.14"]
[Round "1.8"]
[White "Dvorak, Jan"]
[Black "Hacha, Ales"]
[Result "1/2-1/2"]
[WhiteElo "2203"]
[BlackElo "2227"]
[PlyCount "48"]
[EventDate "2001.10.??"]
[EventType "team"]
[EventRounds "11"]
[EventCountry "CZE"]
[SourceTitle "EXT 2006"]
[Source "ChessBase"]
[SourceDate "2005.11.24"]
[SourceVersion "1"]
[SourceVersionDate "2005.11.24"]
[SourceQuality "1"]

1. c4 d6 2. Nc3 Nf6 3. g3 g6 4. Bg2 Bg7 5. e4 0-0 6. Nge2 c5 7. 0-0 Nc6 8. d3 a6 9. Rb1 Bd7 10. h3 Rb8 11. a3 b5 12. cxb5 axb5 13. b4 Nd4 14. bxc5 dxc5 15. Bf4 Rb6 16. Nxd4 cxd4 17. Nd5 Nxd5 18. exd5 e5 19. dxe6 Bxe6 20. Qc1 Qd7 21. Qc7 Ra6 22. Qb7 Qxb7 23. Bxb7 Rb6 24. Bg2 Rc8 1/2-1/2

[Event "Klatovy op-A"]
[Site "Klatovy"]
[Date "2001.??.??"]
[Round "?"]
[White "Hacha, Ales"]
[Black "Polak, Benedikt"]
[Result "1/2-1/2"]
[WhiteElo "2230"]
[BlackElo "1970"]
[PlyCount "122"]
[EventDate "2001.07.??"]
[EventType "swiss"]
[EventRounds "9"]
[EventCountry "CZE"]
[SourceTitle "EXT 2006"]
[Source "ChessBase"]
[SourceDate "2005.11.24"]
[SourceVersion "1"]
[SourceVersionDate "2005.11.24"]
[SourceQuality "1"]

1. Nf3 Nf6 2. g3 d5 3. Bg2 Bg4 4. 0-0 Nbd7 5. d3 e6 6. Nbd2 Be7 7. e4 0-0 8. h3 Bh5 9. g4 dxe4 10. dxe4 Bg6 11. Nh4 Bxe4 12. Nxe4 Nxe4 13. Bxe4 Nc5 14. Bxb7 Qxd1 15. Rxd1 Nxb7 16. Nf3 Rfd8 17. Be3 Bc5 18. Bf4 Bd6 19. Be3 Bc5 20. Ne5 Bxe3 21. fxe3 Rxd1+ 22. Rxd1 Rd8 23. Rd4 Rd6 24. Kf2 f6 25. Nc4 Rd5 26. c3 c5 27. Rd2 Rxd2+ 28. Nxd2 Kf7 29. e4 Ke7 30. Ke3 g5 31. b4 cxb4 32. cxb4 Kd6 33. Kd4 e5+ 34. Kc4 Kc6 35. a4 Nd6+ 36. Kd3 Nf7 37. Nc4 Nd8 38. Ne3 Ne6 39. Kc4 Nf4 40. b5+ Kb6 41. Nd5+ Kb7 42. Nxf6 h6 43. Nd7 h5 44. Nxe5 h4 45. Nf3 Nxh3 46. e5 Nf2 47. Nxg5 Nxg4 48. Kd5 Nxe5 49. a5 Nd7 50. Kd6 a6 51. b6 Nxb6 52. axb6 Kxb6 53. Ke5 Kb5 54. Kf4 a5 55. Ne4 Kb4 56. Nd2 Kc3 57. Nb1+ Kb2 58. Nd2 a4 59. Kg4 Kc2 60. Nc4 Kc3 61. Na3 Kb3 1/2-1/2